Sports Quiz

Random Sports or Olympics Quiz

Summer Olympic Years by Poster Quiz Stats

 Plays Quiz Updated Aug 19, 2016

Score 0/28 Timer 06:00
0 Plays Today
% Correct
2012
96.6%
2000
79.9%
1996
79.7%
2008
72.6%
1992
70.8%
2016
67.2%
1980
66.4%
1936
65.5%
1988
59.7%
1984
57.3%
2004
56.4%
1976
55.6%
1896
53.4%
1972
52.4%
% Correct
1968
45.9%
1960
42.3%
1904
39.7%
1964
36.2%
1956
36.1%
1948
36.1%
1908
34.9%
1952
34.4%
1932
33.5%
1900
31.2%
1928
30%
1924
26.9%
1920
23.8%
1912
20.3%

You're not logged in!

Compare scores with friends on all Sporcle quizzes.
OR
Log In

Show Comments

Extras

Top Quizzes Today


Score Distribution

Your Account Isn't Verified!

In order to create a playlist on Sporcle, you need to verify the email address you used during registration. Go to your Sporcle Settings to finish the process.

Report this User

Report this user for behavior that violates our Community Guidelines.

Details: